00933cam a2200277 i 450000100090000000300050000900500170001400800410003101000170007202000300008904000290011908200180014824501180016625000190028426400370030326400110034030000450035133600260039633700280042233800270045050400510047765000350052865100220056370000470058570000230063217297769322820230208123247.0120514t20122012sa a b 001 0 eng  a 2011288394 a9781868886166 (paperback) aDLCbengerdacDLCd3228 a322.1096 RELI00aReligious ideas and institutions :btransitions to democracy in Africa /cedited by Edmond J. Keller & Ruth Iyob. aFirst edition. 1aPretoria :bUnisa Press,c[2012] 4c©2012 axii, 180 pages :billustrations ;c24 cm atextbtxt2rdacontent aunmediatedbn2rdamedia avolumebnc2rdacarrier aIncludes bibliographical references and index. 0aReligion and politicszAfrica. 0aAfricaxReligion.1 aKeller, Edmond J.q(Edmond Joseph),d1942-1 aIyob, Ruth,d1957-